Vliv ionizujícího záření na katalyzátory heterogenních reakcí katalytických /

Salvato in:
Dettagli Bibliografici
Autore principale: Múčka, Viliam (Autore)
Natura: Libro
Lingua:ceco
Pubblicazione: Praha : Academia, 1986
Soggetti:
Tags: Aggiungi Tag
Nessun Tag, puoi essere il primo ad aggiungerne!!

MARC

LEADER 00000nam a22000003a 4500
001 stu39594
005 20150617225725.6
008 930216s1986----cs------------------cze-d
040 |a STU  |b slo 
041 0 |a cze 
044 |a cs 
080 |a 66.09 
100 1 |a Múčka, Viliam  |4 aut 
245 1 |a Vliv ionizujícího záření na katalyzátory heterogenních reakcí katalytických /  |c [aut.]Viliam Múčka 
260 |a Praha :  |b Academia,  |c 1986 
300 |a 84 s 
650 7 |a Reakcie katalytické  |2 stusub 
650 7 |a žiarenie ionizujúce  |2 stusub 
650 7 |a štúdie  |2 stusub 
650 7 |a katalýza  |2 stusub 
996 |b 284M044647  |c M*308-1  |l MMKN  |s A  |a 24  |w stu39594_0001